[Event "Leutersdorf Sparkasse op 15th"]
[Site "Leutersdorf"]
[Date "2011.02.20"]
[Round "7"]
[White "Gruening, Robert"]
[Black "Monev, Pavel"]
[Result "1-0"]
[WhiteElo "1263"]
[BlackElo "1578"]
[PlyCount "55"]
[EventDate "2011.02.18"]
[EventType "swiss"]
[EventRounds "7"]
[EventCountry "GER"]
[SourceTitle "CBM 141 Extra"]
[Source "ChessBase"]
[SourceDate "2011.05.03"]
[SourceVersion "1"]
[SourceVersionDate "2011.05.03"]
[SourceQuality "1"]

1. e4 c5 2. Nf3 Nc6 3. d4 cxd4 4. Nxd4 e5 5. Nxc6 bxc6 6. Nc3 Nf6 7. Bc4 Bc5 8. f4 exf4 9. Bxf4 0-0 10. e5 Ne8 11. Qh5 g6 12. Qh6 Ng7 13. Bd3 Re8 14. 0-0-0 Bf8 15. Qh3 d5 16. Qg3 Bf5 17. Bg5 Qa5 18. Bf6 Bxd3 19. Rxd3 Rab8 20. Re1 Qb4 21. b3 Nf5 22. Qh3 d4 23. Rf1 dxc3 24. Rxc3 Qd4 25. g4 Ba3+ 26. Kb1 Ng7 27. e6 Rxe6 28. Bxd4 1-0

[Event "Leutersdorf Sparkasse op 15th"]
[Site "Leutersdorf"]
[Date "2011.02.20"]
[Round "6"]
[White "Monev, Pavel"]
[Black "Roesler, Christian"]
[Result "0-1"]
[WhiteElo "1578"]
[BlackElo "1833"]
[PlyCount "96"]
[EventDate "2011.02.18"]
[EventType "swiss"]
[EventRounds "7"]
[EventCountry "GER"]
[SourceTitle "CBM 141 Extra"]
[Source "ChessBase"]
[SourceDate "2011.05.03"]
[SourceVersion "1"]
[SourceVersionDate "2011.05.03"]
[SourceQuality "1"]

1. e4 e5 2. Nf3 Nc6 3. c4 Bc5 4. Nc3 Nf6 5. h3 0-0 6. Be2 d6 7. d3 Nd4 8. Nxd4 Bxd4 9. Be3 c5 10. Rb1 Bd7 11. Bxd4 cxd4 12. Nd5 Nxd5 13. cxd5 Qa5+ 14. b4 Qxa2 15. 0-0 Qa6 16. Bg4 f5 17. exf5 h5 18. Bxh5 Bxf5 19. Be2 Qb5 20. Qd2 Qxd5 21. Bf3 Qb5 22. Be2 Rac8 23. Rbc1 a6 24. g4 Be6 25. f3 Qd7 26. Rf2 Rxc1+ 27. Qxc1 Rc8 28. Qg5 Qd8 29. Qg6 Qf6 30. Qxf6 gxf6 31. f4 Rc1+ 32. Kg2 Kg7 33. f5 Bd5+ 34. Bf3 Bxf3+ 35. Rxf3 Rb1 36. h4 Rxb4 37. g5 Rb2+ 38. Kg3 Rb1 39. Kg4 Rg1+ 40. Kh5 d5 41. Rf2 Rc1 42. Kg4 e4 43. h5 Rg1+ 44. Kf4 Rxg5 45. dxe4 dxe4 46. Kxe4 Kh6 47. Rd2 Rg4+ 48. Kd5 Kxh5 0-1

[Event "Leutersdorf Sparkasse op 15th"]
[Site "Leutersdorf"]
[Date "2011.02.19"]
[Round "2"]
[White "Monev, Pavel"]
[Black "Roessler, Franziska"]
[Result "1/2-1/2"]
[WhiteElo "1578"]
[BlackElo "1121"]
[PlyCount "110"]
[EventDate "2011.02.18"]
[EventType "swiss"]
[EventRounds "7"]
[EventCountry "GER"]
[SourceTitle "CBM 141 Extra"]
[Source "ChessBase"]
[SourceDate "2011.05.03"]
[SourceVersion "1"]
[SourceVersionDate "2011.05.03"]
[SourceQuality "1"]

1. e4 d6 2. Nf3 g6 3. d4 Bg7 4. Be3 Nf6 5. Bd3 0-0 6. Nbd2 Nbd7 7. c3 e5 8. d5 c6 9. c4 cxd5 10. cxd5 b6 11. Rc1 Nc5 12. Bxc5 bxc5 13. b3 Qa5 14. a4 Ba6 15. Bxa6 Qxa6 16. Rc4 Rab8 17. 0-0 Qa5 18. Qc2 Bh6 19. Rb1 Nh5 20. g3 f5 21. exf5 Rxf5 22. Kg2 Rb4 23. Rxb4 Qxb4 24. Nc4 Bf8 25. Nh4 Rg5 26. Nf3 Nf4+ 27. Kf1 Nh3 28. Nxg5 Nxg5 29. h4 Nf7 30. Re1 Bg7 31. Re4 Qb7 32. Qd3 Qd7 33. Ke2 Nh6 34. f3 Qh3 35. g4 Qxh4 36. Nxd6 Qh2+ 37. Kd1 Bf6 38. Qe2 Qh1+ 39. Qe1 Qxf3+ 40. Qe2 Qxb3+ 41. Qc2 Qxd5+ 42. Qd2 Qb3+ 43. Qc2 Qf3+ 44. Qe2 Qb3+ 45. Qc2 Qf3+ 46. Kc1 Bg5+ 47. Kb1 Nxg4 48. Qc4+ Kg7 49. Rxg4 Qd1+ 50. Ka2 Qd2+ 51. Kb3 Qd1+ 52. Ka2 Qd2+ 53. Kb3 Qd1+ 54. Ka2 Qd2+ 55. Kb3 Qd1+ 1/2-1/2